Normal view MARC view

Entry Nombre geográfico

Number of records used in: 3

001 - NÚMERO DE CONTROL

  • campo de control: 235967

003 - IDENTIFICADOR DE NÚMERO DE CONTROL

  • campo de control: SpMaBN

005 - FECHA Y HORA DE LA ÚLTIMA TRANSACCIÓN

  • campo de control: 20240424132732.0

008 - ELEMENTOS DE DATO DE LONGITUD-FIJA

  • campo de control de longitud fija: 030410 n anznnbabn |a ana

010 ## - NÚMERO DE CONTROL DE LA BIBLIOTECA DEL CONGRESO

  • Número de control de LC: XX460416

016 ## - NÚMERO DE CONTROL DE UNA AGENCIA BIBLIOGRÁFICA NACIONAL

  • Número de control del registro: BNE20030855402

024 7# - IDENTIFICADOR DE OTROS ESTÁNDARES

  • Número estándar o código: http://id.loc.gov/authorities/subjects/sh2011002522
  • Fuente: lcsh

024 7# - IDENTIFICADOR DE OTROS ESTÁNDARES

  • Número estándar o código: http://ark.bnf.fr/ark:/12148/cb152960533
  • Fuente: bnf

024 7# - IDENTIFICADOR DE OTROS ESTÁNDARES

  • Número estándar o código: http://viaf.org/viaf/316430743
  • Fuente: viaf

034 ## - DATOS MATEMÁTICOS CARTOGRÁFICOS CODIFICADOS

  • Coordenadas - longitud más occidental: W0022546
  • Coordenadas - longitud más oriental: W0022546
  • Coordenadas - latitud más septentrional: N0351052
  • Coordenadas - latitud más meridional: N0351052
  • Fuente: geonames

040 ## - FUENTE DE CATALOGACIÓN

  • Centro catalogador/agencia de origen: SpMaBN
  • Lengua de catalogación: spa
  • Centro/agencia transcriptor: SpMaBN
  • Normas de descripción: rdc
  • Convención/Normas de encabezamiento de materia/tesauro: embne

042 ## - CÓDIGO DE AUTENTICACIÓN

  • Código de autenticación: 200507189244PCMPBC BNEP 00

080 ## - NÚMERO DE LA CLASIFICACIÓN DECIMAL UNIVERSAL

  • Número de la Clasificación Decimal Universal: (647.4)
  • Identificador de la edición: mrf12

151 ## - ENCABEZAMIENTO--NOMBRE GEOGRÁFICO

  • Nombre geográfico: Chafarinas

451 ## - TRAZADO DE VÉASE--NOMBRE GEOGRÁFICO

  • Nombre geográfico: Archipiélago de las Chafarinas

451 ## - TRAZADO DE VÉASE--NOMBRE GEOGRÁFICO

  • Nombre geográfico: Chafarinas (Archipiélago)

451 ## - TRAZADO DE VÉASE--NOMBRE GEOGRÁFICO

  • Nombre geográfico: Chafarinas (Islas)

451 ## - TRAZADO DE VÉASE--NOMBRE GEOGRÁFICO

  • Nombre geográfico: Islas Chafarinas

550 ## - TRAZADO VÉASE ADEMÁS--TÉRMINO DE MATERIA

  • Subcampo de control: g
  • Término de materia o nombre geográfico como elemento de entrada: Islas
  • Subdivisión geográfica: España

551 ## - TRAZADO DE VÉASE ADEMÁS--NOMBRE GEOGRÁFICO

  • Subcampo de control: g
  • Nombre geográfico: Melilla

670 ## - FUENTE DE DATOS ENCONTRADOS

  • Cita de la fuente: Gran Atlas Aguilar, 1969;
  • Información encontrada: (Chafarinas; islas)

670 ## - FUENTE DE DATOS ENCONTRADOS

  • Cita de la fuente: LCSH;
  • Información encontrada: [Chafarinas Islands (Spain)]

670 ## - FUENTE DE DATOS ENCONTRADOS

  • Cita de la fuente: BnF;
  • Información encontrada: [Chafarines, Îles (Melilla, Espagne)]

670 ## - FUENTE DE DATOS ENCONTRADOS

  • Cita de la fuente: GeoNames;
  • Información encontrada: (Chafarinas Islands, Spain, Melilla, islands)

670 ## - FUENTE DE DATOS ENCONTRADOS

  • Cita de la fuente: (Chafarinas)

750 #7 - ENTRADA DE ENLACE DE ENCABEZAMIENTO ESTABLECIDO--TÉRMINO DE MATERIA

  • Término de materia o nombre geográfico como elemento de entrada: Chafarinas Islands (Spain)
  • Fuente del encabezamiento o término: lcsh

781 ## - ENTRADA DE ENLACE DE SUBDIVISIÓN--SUBDIVISIÓN GEOGRÁFICA

  • Subdivisión geográfica: España
  • Subdivisión geográfica: Melilla
  • Subdivisión geográfica: Chafarinas (Islas)

856 ## - LOCALIZACIÓN Y ACCESO ELECTRÓNICOS

  • Identificador Uniforme de Recursos: https://maps.google.es/maps?q=W002+25'46''N035+10'52''

954 ## - CATALOGADOR -ALTA REGISTRO

  • Nombre del catalogador: Inmaculada Vicente Garcia